| 000 | 00750nam a2200217Ia 4500 | ||
|---|---|---|---|
| 003 | GCL | ||
| 008 | 140319s9999 xx 000 0 ara d | ||
| 040 |
_aGCL / _cGCL |
||
| 082 | 0 | 4 |
_a808.8023 _bث م |
| 100 | 1 | _aسمير متولى(مترجم) | |
| 245 | 1 | 0 |
_aمن مسرح امريكا اللاتينية: مسرح السرد التمثيلى / _cسمير متولى(مترجم) |
| 700 | 1 | _aثيسبدس، فرانثيسكو جارثون | |
| 700 | 1 | _aمحمود السيد (مراجعة) | |
| 300 | _a226 | ||
| 490 |
_a100 قصة _v0 |
||
| 650 | 0 | 4 | _aالفنون المسرحية |
| 650 | 0 | 4 | _aالتمثيل فى المسرح |
| 650 | 0 | 4 | _aالمسرح الامريكى |
| 650 | 0 | 4 | _aالمسرح - تاريخ ونقد |
| 942 |
_2ddc _cBK |
||
| 999 |
_c46686 _d46686 |
||